000 00569nam a2200241 a 4500
001 nice12345678
003 IN_TiNIC
005 20260116011435.0
008 050524s1960 laha grp 000 0 eng
020 _a
_c100
082 0 0 _a340.59
_bMER
100 _aMerchant, M V
245 _aBook of Quranic Laws
260 _aLahore
_bSh.Muhammad Ashraf
_c1960
300 _a190p
500 _aincludes index and biblioraphy
505 2 _ano. 643
650 _aIslamic-Law Quranic
700 1 _aMerchant, M V
902 _bSRS
942 _cBK
999 _c1550
_d1550